Membrane lipidomics for personalized health /

Lipidomics is an important aspect of personalized medicine in relation to nutrition and metabolism. This approach has become important due to the substantial presence of nutraceuticals in the market, since it gives personalized criteria on how to choose the right nutraceutical strategy for both prev...

Full description

Bibliographic Details
Main Authors: Ferreri, Carla (Author), Chatgilialoglu, Chryssostomos (Author)
Format: eBook
Language:English
Published: Chichester, West Sussex ; Hoboken : John Wiley and Sons, Inc., 2015.
Subjects:
Online Access:Connect to the full text of this electronic book

MARC

Tag First Indicator Second Indicator Subfields
LEADER 00000nam a2200000 i 4500
001 in00004681663
006 m o d
007 cr |||||||||||
008 150501s2015 enk ob 001 0 eng
005 20260214233546.4
010 |a  2015017736 
020 |a 9781118683460  |q (pdf) 
020 |a 1118683463  |q (pdf) 
020 |a 9781118682753  |q (epub) 
020 |a 1118682750  |q (epub) 
020 |a 9781118683682 
020 |a 1118683684 
020 |a 1118540417  |q (cloth) 
020 |a 9781118540411  |q (cloth) 
020 |a 9781118540329  |q (pbk.) 
020 |a 1118540328  |q (pbk.) 
020 |z 9781118540411  |q (cloth) 
035 |a wil6007436 
035 |a (DLC)wil6007436 
037 |a 9781118682753  |b Wiley 
040 |a DLC  |b eng  |e rda  |e pn  |c DLC 
042 |a pcc 
050 0 0 |a QP752.F35  |b F47 2015 
060 1 0 |a QU 85.6 
072 7 |a MED  |x 075000  |2 bisacsh 
072 7 |a SCI  |x 036000  |2 bisacsh 
082 0 0 |a 612.3/97  |2 23 
100 1 |a Ferreri, Carla,  |e author. 
245 1 0 |a Membrane lipidomics for personalized health /  |c Carla Ferreri and Chryssostomos Chatgilialoglu. 
264 1 |a Chichester, West Sussex ;  |a Hoboken :  |b John Wiley and Sons, Inc.,  |c 2015. 
300 |a 1 online resource 
336 |a text  |b txt  |2 rdacontent 
337 |a computer  |b c  |2 rdamedia 
338 |a online resource  |b cr  |2 rdacarrier 
504 |a Includes bibliographical references and index. 
505 0 |a Membranes for life and life for membranes -- Fatty acid families : metabolism and nutrition -- Essential fatty acids -- Free radicals and lipids : trans and oxidised fatty acids -- What is lipidomics for health -- Lipidomics of erythrocyte membranes -- Nutrilipidomics -- Lipidomic profiles and intervention strategies in prevention and diseases -- Lipidomic profiles and nutrilipidomics : tutorials. 
588 0 |a Print version record and CIP data provided by publisher. 
520 |a Lipidomics is an important aspect of personalized medicine in relation to nutrition and metabolism. This approach has become important due to the substantial presence of nutraceuticals in the market, since it gives personalized criteria on how to choose the right nutraceutical strategy for both prevention and for quality of life. This multi-disciplinary textbook uses a simple and practical approach to provide a comprehensive overview of lipidomics and their connection with health and nutrition. The text is divided into two parts: - Part 1 outlines the basics of lipidomics and focuses on. 
650 0 |a Fatty acids  |x Metabolism. 
650 0 |a Membrane lipids  |x Metabolism. 
650 0 |a Personalized medicine. 
650 1 2 |a Fatty Acids  |x metabolism. 
650 1 2 |a Membrane Lipids  |x metabolism. 
650 2 2 |a Precision Medicine. 
650 2 2 |a Metabolomics  |x methods. 
650 2 2 |a Nutritional Physiological Phenomena. 
655 4 |a Electronic books. 
700 1 |a Chatgilialoglu, Chryssostomos,  |e author. 
776 0 8 |i Print version:  |a Ferreri, Carla.  |t Membrane lipidomics for personalized health.  |d Chichester, West Sussex ; Hoboken : John Wiley and Sons, Inc., 2015  |z 9781118540411  |w (DLC) 2015016361 
856 4 0 |u http://proxy.library.tamu.edu/login?url=https://onlinelibrary.wiley.com/book/10.1002/9781118683682  |z Connect to the full text of this electronic book  |t 0 
955 |a Wiley EBA record 
975 |p Wiley UBCM Full Collection 2026 
999 f f |s d9666f07-d18a-4b72-8c8e-003731cd9ea5  |i f1875d6c-d608-4635-83ad-f3d8087665f9  |t 0 
952 f f |a Texas A&M University  |b College Station  |c Electronic Resources  |s evans_pda  |d Available Online  |t 0  |e QP752.F35 F47 2015  |h Library of Congress classification 
998 f f |a QP752.F35 F47 2015  |t 0  |l Available Online